000 00417cam a2200169ua 4500
020 _c150.00
041 _aeng
_h
082 _a531
_bMON/CL
100 _aMondal, C.R .
245 _aClassical mechanics /
_cC.R.Mondal.
_hTextual Documents
260 _aNew Delhi :
_bPrentice Hall of India Pvt Ltd. ,
_c2008.
300 _a ; .
365 _a150.00
504 _a
942 _cBK
999 _c13475
_d13475